|
|
|
|
| LEADER |
01605nam a22004093i 4500 |
| 001 |
EBC7029182 |
| 003 |
MiAaPQ |
| 005 |
20231204023226.0 |
| 006 |
m o d | |
| 007 |
cr cnu|||||||| |
| 008 |
231204s2022 xx o ||||0 ger d |
| 020 |
|
|
|a 9783662652046
|q (electronic bk.)
|
| 020 |
|
|
|z 9783662652039
|
| 035 |
|
|
|a (MiAaPQ)EBC7029182
|
| 035 |
|
|
|a (Au-PeEL)EBL7029182
|
| 035 |
|
|
|a (OCoLC)1338836556
|
| 040 |
|
|
|a MiAaPQ
|b eng
|e rda
|e pn
|c MiAaPQ
|d MiAaPQ
|
| 050 |
|
4 |
|a RA1-1270
|
| 100 |
1 |
|
|a Jacobs, Klaus.
|
| 245 |
1 |
0 |
|a Pflege-Report 2022 :
|b Spezielle Versorgungslagen in der Langzeitpflege.
|
| 250 |
|
|
|a 1st ed.
|
| 264 |
|
1 |
|a Berlin, Heidelberg :
|b Springer Berlin / Heidelberg,
|c 2022.
|
| 264 |
|
4 |
|c ©2022.
|
| 300 |
|
|
|a 1 online resource (319 pages)
|
| 336 |
|
|
|a text
|b txt
|2 rdacontent
|
| 337 |
|
|
|a computer
|b c
|2 rdamedia
|
| 338 |
|
|
|a online resource
|b cr
|2 rdacarrier
|
| 588 |
|
|
|a Description based on publisher supplied metadata and other sources.
|
| 590 |
|
|
|a Electronic reproduction. Ann Arbor, Michigan : ProQuest Ebook Central, 2023. Available via World Wide Web. Access may be limited to ProQuest Ebook Central affiliated libraries.
|
| 655 |
|
4 |
|a Electronic books.
|
| 700 |
1 |
|
|a Kuhlmey, Adelheid.
|
| 700 |
1 |
|
|a Greß, Stefan.
|
| 700 |
1 |
|
|a Klauber, Jürgen.
|
| 700 |
1 |
|
|a Schwinger, Antje.
|
| 776 |
0 |
8 |
|i Print version:
|a Jacobs, Klaus
|t Pflege-Report 2022
|d Berlin, Heidelberg : Springer Berlin / Heidelberg,c2022
|z 9783662652039
|
| 797 |
2 |
|
|a ProQuest (Firm)
|
| 856 |
4 |
0 |
|u https://ebookcentral.proquest.com/lib/matrademy/detail.action?docID=7029182
|z Click to View
|